000 00458nam a22001577a 4500
003 OSt
005 20251007043915.0
008 251007b |||||||| |||| 00| 0 eng d
020 _a978-0-425-22669-8
040 _aDWCL-Main Lib.
_cOC
100 _aCUSSLER, CLIVE
245 _aPlague ship :
_ba novel of the Oregon files/
_cCUSSLER, CLIVE
260 _aNew York :
_bBerkley Books,
_cc2008.
300 _a581 pages ;
_c18 cm.
942 _2ddc
_cFIC.
_hFic.
_n0
999 _c4679
_d4679